00689nam a2200217 i 450000100060000000300090000600500170001500700030003200800410003510000250007624500610010126000320016230000600019449000450025465000310029965000340033065000200036470000190038483000450040385200230044834434ES-MaACL20250828023336.0t|191227s1967 sp ||||1| spa d0 aCalera, Ana María.14aLos hijos / cAna María Calera ; ilustraciones Jular. aLeón : bEverest, c1967. a580 p. : blám. col., grab. en neg. y col. ; c22 cm.1 aEnciclopedia Everest para el Hogar ; v1 aNiños-xSalud e higiene.07aEducación de niños2embne04aPadres e hijos.1 aJular, Manuel.0 aEnciclopedia Everest para el Hogar ; v1 aES-MaACLjP-1258-1